|
|
|
|
| LEADER |
00000cam a22000004a 4500 |
| 001 |
musev2_6147 |
| 003 |
MdBmJHUP |
| 005 |
20230905040725.0 |
| 006 |
m o d |
| 007 |
cr||||||||nn|n |
| 008 |
090225s2010 nju o 00 0 eng d |
| 010 |
|
|
|z 2009008507
|
| 020 |
|
|
|a 9780813548203
|
| 020 |
|
|
|z 9780813546810
|
| 020 |
|
|
|z 0813546818
|
| 020 |
|
|
|z 0813548209
|
| 035 |
|
|
|a (OCoLC)610216461
|
| 040 |
|
|
|a MdBmJHUP
|c MdBmJHUP
|
| 043 |
|
|
|a a-ph---
|a n-us---
|
| 050 |
0 |
4 |
|a D802.P5
|b P36 2010
|
| 100 |
1 |
|
|a Panlilio, Yay,
|d 1913-1978.
|
| 245 |
1 |
4 |
|a The Crucible :
|b An Autobiography by Colonel Yay, Filipina American Guerrilla /
|c Yay Panlilio ; edited by Denise Cruz.
|
| 264 |
|
1 |
|a New Brunswick, N.J. :
|b Rutgers University Press,
|c 2010.
|
| 264 |
|
3 |
|a Baltimore, Md. :
|b Project MUSE,
|c 2012
|
| 264 |
|
4 |
|c ©2010.
|
| 300 |
|
|
|a 1 online resource (352 pages).
|
| 336 |
|
|
|a text
|b txt
|2 rdacontent
|
| 337 |
|
|
|a computer
|b c
|2 rdamedia
|
| 338 |
|
|
|a online resource
|b cr
|2 rdacarrier
|
| 500 |
|
|
|a Originally published: New York : Macmillan, 1950, under title The crucible : an autobiography by "Colonel Yay."
|
| 504 |
|
|
|a Includes bibliographical references.
|
| 588 |
|
|
|a Description based on print version record.
|
| 600 |
1 |
0 |
|a Panlilio, Yay,
|d 1913-1978.
|
| 650 |
|
0 |
|a Irish Americans
|v Biography.
|
| 650 |
|
0 |
|a Filipino Americans
|v Biography.
|
| 650 |
|
0 |
|a World War, 1939-1945
|x Participation, Female.
|
| 650 |
|
0 |
|a World War, 1939-1945
|v Personal narratives, Filipino American.
|
| 650 |
|
0 |
|a Women journalists
|z Philippines
|v Biography.
|
| 650 |
|
0 |
|a Women guerrillas
|z Philippines
|v Biography.
|
| 650 |
|
0 |
|a World War, 1939-1945
|x Underground movements
|z Philippines.
|
| 655 |
|
7 |
|a Electronic books.
|2 local
|
| 710 |
2 |
|
|a Project Muse.
|e distributor
|
| 830 |
|
0 |
|a Book collections on Project MUSE.
|
| 856 |
4 |
0 |
|z Texto completo
|u https://projectmuse.uam.elogim.com/book/6147/
|
| 945 |
|
|
|a Project MUSE - Custom Collection
|
| 945 |
|
|
|a Project MUSE - 2010 History
|
| 945 |
|
|
|a Project MUSE - Archive American Studies Foundation
|
| 945 |
|
|
|a Project MUSE - 2010 Complete
|